000 00276nam a22001097a 4500
082 _a030
_bENC/E
100 _aENCYCLOPEDIA BRITANNICA
245 _aENCLYSLOPEDIA BRITANNICA HISTORY SERIES TECHNOLOGY
260 _aUSA
_bENCYCLOPEDIA BRITANNICA
_c2010
300 _bCD
942 _cBK
999 _c7364
_d7364